000 00286nam a22001337a 4500
008 170925b xxu||||| |||| 00| 0 eng d
020 _a023472007896
041 _aeng
080 _a37
100 _a46
101 _aEDU
245 _aTHINKING ACTIVITIES
_cJAMES.R
942 _2udc
_cBK
999 _c29725
_d29725